Top Mango Producing Countries - Statistics

General Stats
  • This quiz has been taken 504 times
    240 since last reset
  • The average score is 10 of 15
Answer Stats
Hint Metric Tonnes Answer % Correct
1 18,779,000 India
92%
7 1,417,149 Brazil
89%
2 4,771,038 China
87%
5 2,184,399 Indonesia
84%
3 3,432,229 Thailand
79%
4 2,197,313 Mexico
77%
14 725,306 Vietnam
77%
6 1,606,091 Pakistan
73%
9 1,161,685 Bangladesh
66%
11 827,075 Philippines
63%
10 917,617 Nigeria
52%
13 734,658 Kenya
46%
8 1,277,008 Egypt
41%
12 785,940 Sudan
27%
15 670,878 Haiti
12%
No matching quizzes found
Score Distribution
Percent of People with Each Score
Percentile by Number Answered
Your Score History
You have not taken this quiz since the last reset